000 00967nmc a2200325 a 4500
003 AR-BaBNM
005 20251128210111.0
008 011101s1997 ||||||||||||||000 | spa||
020 _a950-808-124-4
040 _cAR-BaBNM
100 1 _aGiacobbe, Mirta Susana
245 1 0 _aEnseñar y aprender ciencias sociales
_btercer ciclo de EGB y polimodal
260 _aRosario
_bHomo Sapiens Ediciones
_c1997
300 _a212 p.
490 0 _aEducación
504 _aContiene bibliografía p. 204-210
650 4 _aENSENANZA DE LAS CIENCIAS SOCIALES
650 4 _aPROCESO DE APRENDIZAJE
650 4 _aDIDACTICA
650 4 _aCURRICULO TRANSDISCIPLINARIO
650 4 _aINTERDISCIPLINARIEDAD
650 4 _aROL DEL DOCENTE
653 _aCONTENIDOS BASICOS COMUNES
653 _aCONTENIDOS CONCEPTUALES
653 _aCONTENIDOS PROCEDIMENTALES
653 _aCONTENIDOS ACTITUDINALES
653 _aDISENO CURRICULAR
942 _cBK
998 _cRaquel
999 _c14043
_d14043